00978nam a2200205 a 450000100100000000500170001000800410002702000180006802000180008604000250010408200150012924500610014426000570020530000280026250001140029095201190040495201130052395201190063699900170075500004234120201002040106.0131127s2012 xxua r 000 0 spa d a9781578376890 a9781578376971 aDO-SdBNPbspacBNPHU axxxxbxxxx00aMatemática en contexto I y II :bmanual de referencia. aTexas, Estados Unidos :bCord Communications,c2012. a119 p. :bil. ;c28 cm. aDesarrollado por CORD, adaptado para el "Proyecto Educación Media Técnica - REACT" República Dominicana 001050718MOaGRbGRcCTd2013-11-26iLF1l0oxxxx xxxxp42341-30r2020-06-25te. 3w2020-06-25y1ZNo se presta 001050718MOaPDbPDcCTd2013-11-26iLF1l0oxxxx xxxxp42341-10r2020-06-25w2020-06-25y1ZNo se presta 001050718MOaPDbPDcCTd2013-11-26iLF1l0oxxxx xxxxp42341-20r2020-06-25te. 2w2020-06-25y1ZNo se presta c41830d41830